Cacographie rangée selon l'ordre grammatical, ou exercices français, sur l'orthographe, la syntaxe et la ponctuation. À l'usage des maisons d'éducation

Gespeichert in:
Bibliographische Detailangaben
1. Verfasser: CAMPION [Pierre Louis] Professeur de grammaire et instituteur primaire à Mons
Format: keine Angabe
Sprache:Französisch
Erschienen: Mons Manceaux-Hoyois, imprimeur, libraire, éditeur 1848
Ausgabe:quatorzième édition
Katalog:MANES:  Suchergebnis im Bibliothekskatalog
Schulbuchspezifische Eigenschaften:
Schlagworte:
Tags: Tag hinzufügen
Keine Tags, Fügen Sie den ersten Tag hinzu!
Hinzugefügt zu:26.04.2016

MARC

LEADER 000000000a22000000004500
001 23834
008 160427s be ||||| |||| 00| 0 fre d
040 |a manes  |c manes 
041 |a Francés 
100 1 |a CAMPION [Pierre Louis]  |b Professeur de grammaire et instituteur primaire à Mons 
245 0 0 |a Cacographie rangée selon l'ordre grammatical, ou exercices français, sur l'orthographe, la syntaxe et la ponctuation. À l'usage des maisons d'éducation 
250 |a quatorzième édition 
260 3 |a Mons  |b Manceaux-Hoyois, imprimeur, libraire, éditeur  |c 1848 
300 |a 84 p. 
546 |a Bélgica 
650 7 |a Lenguaje 
655 7 |a Primaria  |a Secundaria 
942 |2 ddc  |c BK 
999 |c 46162  |d 46162 
999 |c manes:46162  |d 46162